Music Quiz

Random Music or Album Quiz

Michael Jackson Songs Quiz Stats

 Plays Quiz Updated Dec 31, 2018

Support Sporcle.
Go Orange.
Score 0/133 Timer 13:00
0 Plays Today
Album Song % Correct
ThrillerThriller
95.6%
BadBad
90.2%
ThrillerBillie Jean
81.9%
ThrillerBeat It
76.8%
BenBen
75.9%
DangerousDangerous
69.1%
BadMan in the Mirror
66.8%
Off the WallOff the Wall
66.6%
DangerousBlack or White
66.1%
BadSmooth Criminal
65.2%
Got to Be ThereGot to Be There
61.9%
InvincibleInvincible
56.6%
XscapeXscape
53.2%
BadDirty Diana
53%
BadThe Way You Make Me Feel
51.6%
ThrillerP.Y.T. (Pretty Young Thing)
50.2%
Music & MeMusic & Me
50.1%
Off the WallRock with You
49.2%
Off the WallDon't Stop 'til You Get Enough
46.3%
HIStory Continues*Earth Song
45.5%
HIStory Continues*HIStory
43.8%
XscapeLove Never Felt so Good
43.4%
ThrillerHuman Nature
43%
ThrillerThe Girl Is Mine
43%
ThrillerWanna Be Startin' Somethin'
42.3%
HIStory Continues*Scream
42.2%
DangerousRemember the Time
42.1%
HIStory Continues*You Are Not Alone
41.9%
DangerousHeal the World
40.3%
BadLeave Me Alone
38.6%
InvincibleYou Rock My World
37.2%
DangerousJam
35.9%
HIStory Continues*They Don't Care About Us
34.3%
MichaelHold My Hand
33.7%
DangerousWill You Be There
33%
BadI Just Can't Stop Loving You
32.5%
DangerousIn the Closet
32.3%
XscapeChicago
32.1%
BadLiberian Girl
31.9%
XscapeSlave to the Rhythm
31.6%
MichaelHollywood Tonight
31.4%
XscapeA Place With No Name
31.3%
Off the WallShe's Out of My Life
30.4%
BadSpeed Demon
30.2%
XscapeLoving You
28.7%
Album Song % Correct
BadAnother Part of Me
28.5%
XscapeBlue Gangster
28.2%
DangerousWho Is It
27.7%
ThrillerBaby Be Mine
27.6%
ThrillerThe Lady in My Life
27.4%
XscapeDo You Know Where Your Children Are
27.3%
MichaelMonster
27.1%
InvincibleButterflies
26.7%
HIStory Continues*Stranger In Moscow
26.6%
DangerousGive In to Me
24.8%
MichaelBreaking News
24.7%
MichaelBehind the Mask
24%
Got to Be ThereRockin' Robin
23.7%
Off the WallWorkin' Day and Night
23.6%
DangerousGone Too Soon
23.2%
Off the WallGirlfriend
23%
BadJust Good Friends
22.9%
HIStory Continues*Childhood
21.9%
HIStory Continues*Smile
21.8%
MichaelBest of Joy
21.7%
MichaelMuch Too Soon
21.6%
InvincibleCry
21.3%
InvincibleUnbreakable
21.1%
HIStory Continues*Come Together
20.5%
MichaelKeep Your Head Up
20.3%
HIStory Continues*D.S.
20.2%
DangerousWhy You Wanna Trip on Me
20.1%
Off the WallBurn This Disco Out
20%
HIStory Continues*Money
19.7%
InvincibleBreak of Dawn
19.6%
Invincible2000 Watts
19.5%
HIStory Continues*2 Bad
19.5%
DangerousKeep the Faith
19.5%
Michael(I Like) The Way You Love Me
19.3%
HIStory Continues*Little Susie
19.1%
DangerousShe Drives Me Wild
18.7%
Off the WallGet on the Floor
18.7%
InvincibleHeartbreaker
18.5%
InvincibleSpeechless
18.4%
Michael(I Can't Make It) Another Day
18.3%
HIStory Continues*Tabloid Junkie
18.2%
Off the WallI Can't Help It
17.5%
InvincibleHeaven Can Wait
17.1%
DangerousCan't Let Her Get Away
16.8%
Off the WallIt's the Falling in Love
16.6%
Album Song % Correct
InvincibleThe Lost Children
16.6%
InvincibleThreatened
16.2%
InvinciblePrivacy
15.9%
InvincibleWhatever Happens
15.8%
Got to Be ThereAin't No Sunshine
15.8%
InvincibleYou Are My Life
15.7%
HIStory Continues*This Time Around
15.5%
Forever, MichaelDear Michael
14.3%
InvincibleDon't Walk Away
14.1%
BenMy Girl
12.9%
Got to Be ThereI Wanna Be Where You Are
12.6%
Forever, MichaelOne Day in Your Life
12.4%
Music & MeHappy
11.8%
Got to Be ThereMaria (You Were the Only One)
11.4%
Music & MeWith a Child's Heart
10.9%
Got to Be ThereIn Our Small Way
10.4%
BenIn Our Small Way
10.4%
Forever, MichaelDapper Dan
10.4%
BenThe Greatest Show on Earth
10.4%
Got to Be ThereYou've Got a Friend
10.2%
BenPeople Make the World Go Round
9.9%
Forever, MichaelCinderella Stay Awhile
9.9%
Music & MeEuphoria
9.7%
Forever, MichaelWe're Almost There
9.6%
Music & MeMorning Glow
9.2%
BenYou Can Cry on My Shoulder
9.1%
Music & MeJohnny Raven
9.1%
Music & MeUp Again
9%
Got to Be ThereWings of My Love
9%
Music & MeToo Young
8.9%
Forever, MichaelTake Me Back
8.9%
BenWhat Goes Around Comes Around
8.7%
Forever, MichaelJust a Little Bit of You
8.6%
BenShoo-Be-Doo-Be-Doo-Da-Day
8.6%
Got to Be ThereLove Is Here and Now You're Gone
8.5%
Forever, MichaelYou Are There
8.4%
BenEverybody's Somebody's Fool
8.4%
Music & MeDoggin' Around
8.3%
Forever, MichaelWe've Got Forever
8.3%
Forever, MichaelI'll Come Home to You
8.3%
Got to Be ThereGirl Don't Take Your Love From Me
8.2%
BenWe've Got a Good Thing Going
8.1%
Music & MeAll the Things You Are
7.9%

You're not logged in!

Compare scores with friends on all Sporcle quizzes.
OR
Log In

From the Vault

LOTR Characters by Image

by MackSalmon

It's been awhile since we've watched them on the big screen, but the return of these characters is coming soon.
Remove Ads.
Support Sporcle.
Get the best of Sporcle when you Go Orange. This ad-free experience offers more features, more stats, and more fun while also helping to support Sporcle. Thank you for becoming a member.

Show Comments

Extras

Top Quizzes Today


Score Distribution

Your Account Isn't Verified!

In order to create a playlist on Sporcle, you need to verify the email address you used during registration. Go to your Sporcle Settings to finish the process.

Report this User

Report this user for behavior that violates our Community Guidelines.

Details: